Normal view
MARC view
Entry Personal Name
001 - CONTROL NUMBER
- control field: 3064
003 - CONTROL NUMBER IDENTIFIER
- control field: ARRUPE
005 - DATE AND TIME OF LATEST TRANSACTION
- control field: 20131028174256.0
008 - FIXED-LENGTH DATA ELEMENTS
- fixed length control field: 131028|| aca||aabn | a|a d
040 ## - CATALOGING SOURCE
- Original cataloging agency: ARRUPE
- Transcribing agency: ARRUPE
100 ## - HEADING--PERSONAL NAME
- Personal name: Baldovin, John F.
- Fuller form of name: (John Francis),
- Dates associated with a name: 1947-
670 ## - SOURCE DATA FOUND
- Source citation: Work cat.: (ARRUPE)0: Baldovin, John F. (John Francis), 1947-, Reforming the liturgy :, c2008.